Catálogo

Vista normal Vista MARC

Entrada Personal Name

Número de registros utilizados en: 1

001 - CONTROL NUMBER

  • control field: 14193

003 - CONTROL NUMBER IDENTIFIER

  • control field: DLC

005 - DATE AND TIME OF LATEST TRANSACTION

  • control field: 20230523095409.0

008 - FIXED-LENGTH DATA ELEMENTS

  • fixed length control field: 200313n| azannaabn |n aaa

010 ## - LIBRARY OF CONGRESS CONTROL NUMBER

  • LC control number: n 2020181705

035 ## - SYSTEM CONTROL NUMBER

  • System control number: (DNLM)1849936

040 ## - CATALOGING SOURCE

  • Original cataloging agency: DNLM
  • Language of cataloging: spa
  • Description conventions: rda
  • Transcribing agency: Mx-PuUPA
  • Modifying agency: Mx-PuUPA

100 1# - HEADING--PERSONAL NAME

  • Personal name: Chui, Kevin K.,

374 ## - OCCUPATION

  • Occupation: Autor

375 ## - GENDER

  • Gender: hombre

377 ## - ASSOCIATED LANGUAGE

  • Language code: eng

670 ## - SOURCE DATA FOUND

  • Source citation: Orthotics and prosthetics in rehabilitation, 2020:
  • Information found: title page (Kevin K. Chui, PT, DPT, PhD, GCS, OCS, CEEAA, FAAOMPT, director and professor, School of Physical Therapy and Athletic Training, College of Health Professions, Pacific University, Hillsboro, Oregon)